| 000 | 00788nam a2200289 a 4500 | ||
|---|---|---|---|
| 003 | AR-BaBNM | ||
| 005 | 20251128210948.0 | ||
| 008 | 082120s2002 ||||||||||||||000 | spa|| | ||
| 020 | _a950-562-953-2 | ||
| 040 | _cAR-BaBNM | ||
| 100 | 1 | _aEtchepareborda, Roberto | |
| 245 | 1 | 0 | _aHistoriografĂa militar argentina |
| 260 |
_aBuenos Aires _bCĂrculo Militar _c1984 |
||
| 300 | _a207 p. | ||
| 490 | 0 | _aBiblioteca del oficial | |
| 650 | 4 | _aHISTORIA ARGENTINA | |
| 650 | 4 | _aFUERZAS ARMADAS | |
| 650 | 4 | _aCIENCIAS POLITICAS | |
| 650 | 4 | _aEJERCITOS | |
| 650 | 4 | _aINGENIERIA MILITAR | |
| 650 | 4 | _aHISTORIA MILITAR | |
| 650 | 4 | _aHISTORIA POLITICA | |
| 650 | 4 | _aBIBLIOGRAFIA HISTORICA | |
| 650 | 4 | _aBIBLIOGRAFIAS ESPECIALES | |
| 650 | 4 | _aHISTORIOGRAFIA ARGENTINA | |
| 942 | _cBK | ||
| 999 |
_c17658 _d17658 |
||